Statystyki dla Kluby piłkarskie z II ligi

Kliknij tutaj aby rozwiązać quiz!

Ogólne statystyki

  • Ten quiz został rozwiązany 55 razy
  • Średni wynik to 9 z 18

Statystyki odpowiedzi

Lp.KlubLiczba punktów% Poprawnych
1.Widzew Łódź47
73%
2.Górnik Łęczna42
65%
3.Resovia41
65%
4.GKS Katowice41
63%
9.Stal Rzeszów30
63%
14.Pogoń Siedlce27
60%
6.Bytovia Bytów33
58%
12.Garbarnia Kraków28
54%
11.Elana Toruń29
50%
5.Olimpia Elbląg36
50%
10.Znicz Pruszków30
50%
16.Stal Stalowa Wola24
48%
18.Gryf Wejherowo13
46%
8.Górnik Polkowice30
42%
13.Lech II Poznań28
38%
15Skra Częstochowa25
37%
7.Błękitni Stargard31
35%
17.Legionovia Legionowo13
35%

Rozkład punktacji

Percentyl według liczby udzielonych odpowiedzi

Procent ludzi z każdym wynikiem

Twoja historia wyników

Nie rozwiązałeś tego quizu